[Event "Open A"]
[Site "Hamburg GER"]
[Date "2005.10.06"]
[Round "6"]
[White "Berglitz,R"]
[Black "Stabolewski,A"]
[Result "1-0"]
[WhiteElo "2076"]
[BlackElo "2219"]

1.e4 g6 2.d4 Bg7 3.Nc3 c6 4.Nf3 d5 5.e5 Bg4 6.h3 Bxf3 7.Qxf3 Qb6 8.Qe3 e6
9.Bd3 Nd7 10.O-O Ne7 11.Ne2 c5 12.c3 Nc6 13.Qf4 O-O 14.Qg4 Rac8 15.Rd1 cxd4
16.cxd4 Nb4 17.Nc3 f5 18.Qe2 Nxd3 19.Rxd3 Rc6 20.h4 h5 21.Bg5 Kf7 22.Qd2 Rfc8
23.Bh6 Bh8 24.Re1 Qb4 25.Rg3 Rg8 26.a3 Qc4 27.b3 Qxb3 28.Rb1 Qxa3 29.Rxb7 Ke8
30.Nb5 Qa1+ 31.Kh2 a6 32.Ra3 Qf1 33.Nd6+ Rxd6 34.exd6 e5 35.dxe5 Bxe5+ 36.Bf4 g5
37.Bxe5 gxh4 38.Qxd5  1-0

[Event "Open A"]
[Site "Hamburg GER"]
[Date "2005.10.07"]
[Round "5"]
[White "Becker,Ni"]
[Black "Heroiu,A"]
[Result "1-0"]
[WhiteElo "2122"]
[BlackElo "1988"]

1.e4 g6 2.d4 Bg7 3.Nc3 c6 4.Be3 d5 5.f3 e6 6.Qd2 Nd7 7.O-O-O Qa5 8.Kb1 a6
9.Bg5 f6 10.Bf4 b5 11.exd5 cxd5 12.Qe1 Kf7 13.Bd2 Qc7 14.h4 Bb7 15.h5 Ne7
16.Nh3 Rac8 17.Bd3 Nf5 18.Nf4 Nxd4 19.hxg6+ hxg6 20.Bxg6+ Kg8 21.Rxh8+ Bxh8
22.Nxe6 Nxf3 23.gxf3 Qh2 24.Nf4 Ne5 25.Bf5 Rc4 26.Qg1+  1-0

[Event "2nd Bundesliga Ost 2005-6"]
[Site "Austria AUT"]
[Date "2005.10.08"]
[Round "1"]
[White "Salamon,W"]
[Black "Ranits,F"]
[Result "1/2-1/2"]
[WhiteElo "2170"]
[BlackElo "2260"]

1.e4 g6 2.d4 Bg7 3.Nc3 c6 4.Bc4 d6 5.Nf3 Nf6 6.Qe2 d5 7.exd5 cxd5 8.Bxd5 Nxd5
9.Qb5+ Nc6 10.Qxd5 Nxd4 11.Nxd4 Bxd4 12.Qxd8+ Kxd8 13.Nb5 Be5 14.c3 a6 15.Nd4 Kc7
16.Be3 Bd6 17.O-O-O e5 18.Nb3 Be6 19.Nc5 Bxc5  1/2-1/2

[Event "Open A"]
[Site "Hamburg GER"]
[Date "2005.10.08"]
[Round "8"]
[White "Bildat,J"]
[Black "Glienke,M"]
[Result "1/2-1/2"]
[WhiteElo "2157"]
[BlackElo "2327"]

1.e4 g6 2.d4 Bg7 3.Nc3 c6 4.f4 d5 5.e5 h5 6.h3 Nh6 7.Be3 b6 8.Nf3 Nf5 9.Bf2 h4
10.Bd3 e6 11.Qd2 Bf8 12.Ne2 Ba6 13.Bxf5 Bxe2 14.Qxe2 gxf5 15.O-O-O Be7 16.Rdg1 Nd7
17.g4 hxg3 18.Rxg3 Nf8 19.Ng5 Bxg5 20.Rxg5 Ng6 21.Qf3 Qc7 22.h4 O-O-O 23.h5 Ne7
24.Rg7  1/2-1/2

[Event "TCh-BEL 2005-6"]
[Site "Belgium BEL"]
[Date "2005.10.09"]
[Round "1"]
[White "Bezemer,A"]
[Black "Leenhouts,K"]
[Result "1-0"]
[WhiteElo "2351"]
[BlackElo "2398"]

1.e4 g6 2.d4 Bg7 3.Nc3 c6 4.Nf3 d5 5.h3 Nh6 6.Bf4 f6 7.exd5 cxd5 8.Nb5 O-O
9.c4 Bd7 10.Nc3 e6 11.Qb3 Nc6 12.cxd5 exd5 13.Be2 Be6 14.Qxb7 Rc8 15.O-O g5
16.Bh2 f5 17.Bb5 Nxd4 18.Nxd4 Bxd4 19.Rfe1 Qf6 20.Rxe6 Qxe6 21.Bd7 Bxf2+
22.Kxf2 Qf6 23.Bxc8 Rf7 24.Qxd5 Qb6+ 25.Kf1 Ng4 26.hxg4 fxg4+ 27.Bf5  1-0

[Event "TCh-BEL 2005-6"]
[Site "Belgium BEL"]
[Date "2005.10.09"]
[Round "1"]
[White "Saiboulatov,D"]
[Black "Van Mil,J"]
[Result "1/2-1/2"]
[WhiteElo "2393"]
[BlackElo "2358"]

1.e4 g6 2.d4 Bg7 3.Nc3 c6 4.Nf3 d5 5.h3 Nh6 6.e5 O-O 7.g4 f6 8.Bg2 Nf7 9.exf6 exf6
10.O-O Na6 11.Ne2 Nc7 12.Ng3 Ne6 13.a4 Qc7 14.Re1 Bd7 15.Ra3 Rfe8 16.Rae3 Bf8
17.Nh2 Bd6 18.Nhf1 Nf4 19.Rxe8+ Rxe8 20.Rxe8+ Bxe8 21.h4 Qe7 22.Bf3 Bd7 23.Ne2 Nh3+
24.Kg2 f5 25.g5 f4 26.Nh2 h6 27.Ng4 Nhxg5 28.hxg5 Qxg5 29.Ng3 h5 30.Ne5 Bxe5
31.dxe5 h4 32.Qd4 hxg3 33.Bxf4 Qf5 34.Bxg3 Ng5 35.Qf4 Nxf3 36.Qxf3 Qxc2 37.Qf6 Qf5
38.Qd8+ Kh7 39.Qh4+ Kg7 40.Qb4 Qf7 41.Qd4 Be6 42.Qxa7 g5 43.Qd4 Kg6 44.f3 Qf5
45.a5 Qh3+ 46.Kf2 Qf5  1/2-1/2

[Event "Open A"]
[Site "Hamburg GER"]
[Date "2005.10.09"]
[Round "9"]
[White "Michna,C"]
[Black "Siebrecht,S"]
[Result "1/2-1/2"]
[WhiteElo "2251"]
[BlackElo "2485"]

1.e4 g6 2.d4 Bg7 3.Nc3 c6 4.Be3 d6 5.Qd2 b5 6.Bd3 a6 7.h4 Nf6 8.Bh6 Bxh6
9.Qxh6 e5 10.dxe5 dxe5 11.Nf3 Qe7 12.a4 Bb7 13.axb5 cxb5 14.O-O Nbd7 15.Rfd1 Ng4
16.Qd2 Ndf6 17.h5 O-O 18.Qg5 Rfe8 19.hxg6 hxg6 20.g3 Qf8 21.Kg2 Qh6 22.Rh1 Qxg5
23.Nxg5 Kg7 24.Rh4 Rh8 25.Rah1 Rxh4 26.Rxh4 Nh6 27.f3 Nhg8 28.b4 Ne7 29.Rh1 Rd8
30.Rd1 Nc6 31.Na2 Bc8 32.Be2 Rxd1 33.Bxd1 Ne8 34.c3 Nd6 35.Nc1 f6 36.Nh3 Nc4
37.Be2 Nd2 38.Nf2 f5 39.Bd3 Kf6 40.Nd1 fxe4 41.Bxe4 Nxe4 42.fxe4 a5 43.bxa5 Nxa5
44.Nd3 Bb7 45.N1f2 Nc4 46.Ng4+ Ke7 47.Ndxe5 Bxe4+ 48.Kf2 Nb2 49.Ke3 Bf5 50.Kd4 Kd6
51.Ne3 Na4 52.Nd5 Be6 53.Nf4 g5 54.Nxe6 Kxe6 55.Nd3 Kf5 56.Nf2 Nb2 57.Kc5 Na4+
58.Kb4 Ke5 59.Nh3 Kf5 60.Nf2 Ke5  1/2-1/2

[Event "Cupa ULIM"]
[Site "Kishinev MDA"]
[Date "2005.10.12"]
[Round "5"]
[White "Bulmaga,I"]
[Black "Harbuz,D"]
[Result "0-1"]
[WhiteElo "2122"]
[BlackElo "2019"]

1.e4 g6 2.d4 Bg7 3.Nc3 c6 4.Nf3 d6 5.Be3 Nf6 6.h3 Qc7 7.Bd3 Nbd7 8.O-O O-O
9.Qd2 Re8 10.a4 e5 11.dxe5 dxe5 12.Rfd1 Nf8 13.Bf1 Ne6 14.g3 Bf8 15.Ng5 Rd8
16.Qe2 Nd4 17.Bxd4 exd4 18.Na2 h6 19.Nf3 Qb6 20.Nd2 Be6 21.b3 Qc5 22.Rac1 Nh5
23.Qd3 Bg7 24.Nf3 Rd7 25.Rb1 Bf6 26.Nc1 Ng7 27.Ne2 Rad8 28.b4 Qd6 29.Rd2 g5
30.Bg2 Ne8 31.Rdd1 Nc7 32.Kh2 b5 33.axb5 cxb5 34.Nd2 h5 35.Re1 h4 36.Kh1 hxg3
37.fxg3 Be5 38.Qf3 f6 39.Kg1 Rh7 40.g4 Qb6 41.Kf1 Ne8 42.Qd3 Nd6 43.Ng3 Rc7
44.Rec1 Rc3 45.Nf5 Rxd3 46.cxd3 Bf4 47.Rb2 Nf7 48.Rbc2 Ne5 49.Ke2 Bc4 50.Nxc4 bxc4
51.Rxc4 Bxc1 52.Rxc1 Qxb4 53.Kf1 Qd2 54.Rc7 Qd1+ 55.Kf2 Nxd3+ 56.Kg3 Qg1
57.Ne7+ Kf7 58.Nf5+ Kf8 59.Rh7 Nf4 60.Nh4 gxh4+ 61.Kxf4 Qe3+  0-1

[Event "Cupa ULIM"]
[Site "Kishinev MDA"]
[Date "2005.10.15"]
[Round "8"]
[White "Shtefyrtsa,V"]
[Black "Harbuz,D"]
[Result "0-1"]
[WhiteElo "2183"]
[BlackElo "2019"]

1.e4 g6 2.d4 Bg7 3.Nc3 c6 4.Nge2 d6 5.g3 Nd7 6.Bg2 Ngf6 7.O-O O-O 8.a4 e5
9.Re1 Qe7 10.h3 Re8 11.Bg5 h6 12.Be3 Nf8 13.Qd2 Kh7 14.Rad1 Ng8 15.f4 exf4
16.Bxf4 Ne6 17.Be3 Ng5 18.g4 f5 19.gxf5 gxf5 20.Ng3 f4 21.Bxf4 Nxh3+ 22.Bxh3 Bxh3
23.Nf5 Bxf5 24.exf5 Qh4 25.Re2 Rxe2 26.Nxe2 Re8 27.Ng3 Nf6 28.Bxd6 Nh5 29.Qf2 Qg4
30.Rd3 Rd8 31.f6 Bxf6 32.Qf5+ Qxf5 33.Nxf5 Kg6 34.Ne7+ Kf7 35.Nf5 Ke6 36.Ng3 Nxg3
37.Bxg3 Rxd4 38.Re3+ Kf5 39.Rf3+ Kg6 40.Rb3 b6 41.a5 Rd1+ 42.Kg2 Rd2+ 43.Kf3 bxa5
44.c3 a4 45.Rb7 a3 46.bxa3 Rd3+ 47.Kg2 a5 48.a4 Rxc3 49.Bc7 Rc2+ 50.Kf3 Rc4
51.Bxa5 Rxa4 52.Bd2 Ra3+ 53.Ke4 Ra4+ 54.Kf3 h5 55.Rb6 Rc4 56.Ke2 Re4+ 57.Kd3 Rd4+
58.Ke3 Rd6 59.Bb4 Re6+ 60.Kd3 h4 61.Bd2 Kf5  0-1

[Event "TCh-HUN 2005-6"]
[Site "Hungary HUN"]
[Date "2005.10.16"]
[Round "1"]
[White "Toth,An1"]
[Black "Mester,G"]
[Result "1-0"]
[WhiteElo "2437"]
[BlackElo "2420"]

1.e4 g6 2.d4 Bg7 3.Nc3 c6 4.f4 d5 5.e5 h5 6.Be3 Nh6 7.h3 Nf5 8.Bf2 Qb6 9.Rb1 Bf8
10.Nf3 e6 11.Bd3 Na6 12.O-O c5 13.Bb5+ Bd7 14.Bxd7+ Kxd7 15.Ne4 Qc6 16.Nf6+ Kc7
17.c4 dxc4 18.d5 exd5 19.Nxd5+ Kc8 20.Ng5 Bg7 21.Nxf7 Rf8 22.Nd6+ Kb8 23.Nxf5 gxf5
24.Ne3 Bh6 25.Bh4 Nb4 26.Be7 Kc7 27.Bd6+ Kb6 28.a3  1-0

[Event "TCh-HUN 2005-6"]
[Site "Hungary HUN"]
[Date "2005.10.16"]
[Round "1"]
[White "Gyorkos,L"]
[Black "Boricsev,O"]
[Result "0-1"]
[WhiteElo "2424"]
[BlackElo "2329"]

1.d4 g6 2.e4 Bg7 3.Nc3 c6 4.Nf3 d5 5.h3 dxe4 6.Nxe4 Nf6 7.Nxf6+ exf6 8.Be3 O-O
9.Qd2 Nd7 10.O-O-O Nb6 11.Bh6 Be6 12.Bxg7 Kxg7 13.Qa5 Qe7 14.Bd3 Rfd8 15.Rhe1 Rac8
16.c4 Qd6 17.b3 Nd7 18.Kb2 b5 19.c5 Qc7 20.Qd2 a5 21.Ng1 a4 22.Ne2 axb3 23.axb3 Ra8
24.Ra1 Rxa1 25.Rxa1 Nxc5 26.dxc5 Qe5+ 27.Nc3 b4 28.Rd1 Bf5 29.Qc2  0-1

[Event "Chigorin Mem"]
[Site "St Petersburg RUS"]
[Date "2005.10.16"]
[Round "2"]
[White "Novikov,St"]
[Black "Utkin,Alek"]
[Result "1-0"]
[WhiteElo "2533"]
[BlackElo "2389"]

1.e4 g6 2.d4 Bg7 3.Nc3 c6 4.Be3 d6 5.Qd2 b5 6.Bd3 Nd7 7.f4 Ngf6 8.Nf3 O-O
9.e5 b4 10.Ne4 Nd5 11.h4 Nxe3 12.Qxe3 Nb6 13.h5 Nd5 14.Qd2 Bf5 15.Neg5 h6
16.Ne4 Rb8 17.Nh4 c5 18.hxg6 fxg6 19.Nxf5 gxf5 20.Bc4 fxe4 21.Bxd5+ e6 22.Bxe6+ Kh7
23.Qe3 Qe8 24.Qxe4+ Kh8 25.Bc4 dxe5 26.dxe5 Rd8 27.Rd1 Qe7 28.Rxd8 Rxd8 29.Bd3 Kg8
30.Qh7+ Kf8 31.Bc4 Ke8 32.Bb5+ Kf8 33.Rh5 Rd6 34.Kf2 Rd2+ 35.Kg1 Rd1+ 36.Kh2 Kf7
37.Rf5+ Ke6 38.Bc4+ Kd7 39.Rf7  1-0

[Event "Chigorin Mem"]
[Site "St Petersburg RUS"]
[Date "2005.10.17"]
[Round "3"]
[White "Andreikin,D"]
[Black "Novikov,St"]
[Result "1/2-1/2"]
[WhiteElo "2458"]
[BlackElo "2533"]

1.e4 g6 2.d4 Bg7 3.Nc3 c6 4.Nf3 d5 5.h3 dxe4 6.Nxe4 Nd7 7.c3 Ngf6 8.Nxf6+ Nxf6
9.Bc4 O-O 10.O-O Bf5 11.Re1 Be4 12.Bg5 Bd5 13.Qe2 Bxc4 14.Qxc4 Re8 15.Ne5 Qd5
16.Qe2 Nd7 17.Bf4 Nxe5 18.Bxe5 Rad8 19.Bxg7 Kxg7 20.Rad1 e6 21.Qe5+ Kg8 22.Qxd5 exd5  1/2-1/2

[Event "Chigorin Mem"]
[Site "St Petersburg RUS"]
[Date "2005.10.18"]
[Round "4"]
[White "Semenova,Ir"]
[Black "Utkin,Alek"]
[Result "0-1"]
[WhiteElo "2216"]
[BlackElo "2389"]

1.e4 g6 2.d4 Bg7 3.Nc3 c6 4.f4 d5 5.e5 Nh6 6.Nf3 Bg4 7.Be3 f6 8.Be2 Nd7 9.h3 Bxf3
10.Bxf3 e6 11.exf6 Bxf6 12.g4 Nf7 13.Qd2 Nd6 14.b3 Qe7 15.O-O-O b5 16.Rde1 Nb6
17.Nb1 a5 18.Bf2 O-O 19.h4 a4 20.Re2 Rfe8 21.h5 Qf7 22.Bg3 axb3 23.cxb3 c5
24.hxg6 hxg6 25.f5 Ne4 26.Bxe4 dxe4 27.dxc5 Rac8 28.Bd6 Red8 29.b4 Nc4 30.fxe6 Qg7
31.Qd5 Be7 32.Reh2 Nxd6 33.Rh8+ Qxh8 34.Rxh8+ Kxh8 35.Qe5+ Kh7 36.Nc3 Nc4
37.Qh2+ Kg7 38.Nxe4 Rd4 39.g5 Rh8 40.Qc7 Rh1+ 41.Kc2 Ne3+ 42.Kb2 Rxb4+  0-1

[Event "Chigorin Mem"]
[Site "St Petersburg RUS"]
[Date "2005.10.20"]
[Round "6"]
[White "Airapetian,G"]
[Black "Utkin,Alek"]
[Result "1/2-1/2"]
[WhiteElo "2281"]
[BlackElo "2389"]

1.e4 g6 2.d4 Bg7 3.Nc3 c6 4.Be3 d5 5.f3 dxe4 6.fxe4 Nf6 7.Nf3 O-O 8.Bc4 b5
9.Bd3 Ng4 10.Qd2 Nxe3 11.Qxe3 Bg4 12.Ne2 Qb6 13.e5 Nd7 14.O-O-O c5 15.Qg5 Bxf3
16.gxf3 cxd4 17.f4 f6 18.exf6 Nxf6 19.f5 e5 20.fxg6 Rae8 21.gxh7+ Kh8 22.Rhg1 Qc7
23.Bg6 Rc8 24.Ng3 Nd5 25.Nh5 Nf4 26.Rd2 Nh3 27.Qg4 Nxg1 28.Nxg7 Qxg7 29.Qxg1 Qh6
30.Bd3 a6 31.Kd1 Qh5+ 32.Kc1 Qh6 33.Kd1 Qe3 34.Qxe3 dxe3 35.Re2 Rf1+ 36.Re1 Rxe1+
37.Kxe1 Rf8 38.Ke2 Rf2+ 39.Kxe3 Rxh2 40.Ke4 Rxh7 41.Kxe5 Rd7 42.Ke6 Rd8 43.Kf7 Rd4
44.a3 Rd8  1/2-1/2

[Event "5th Rohde Open"]
[Site "Sautron FRA"]
[Date "2005.10.23"]
[Round "2"]
[White "Prasad,D"]
[Black "Chatalbashev,B"]
[Result "1/2-1/2"]
[WhiteElo "2401"]
[BlackElo "2491"]

1.e4 g6 2.d4 Bg7 3.Nc3 c6 4.Nf3 d5 5.h3 Nf6 6.e5 Ne4 7.Nxe4 dxe4 8.Ng5 c5
9.e6 fxe6 10.dxc5 Qd5 11.Bb5+ Nc6 12.Qe2 e3 13.Qxe3 Qxg2 14.Qe4 Qxe4+ 15.Nxe4 O-O
16.c3 Ne5 17.Be3 b6 18.O-O-O Bb7 19.c6 Nxc6 20.Ng5 Nd8 21.Rhe1 Bd5 22.c4 Bxc4
23.Bxc4 Rc8 24.Kb1 Rxc4 25.Rd7 h6 26.Red1 Rc8 27.Ne4 Nc6 28.Rc1 g5 29.a3 Kh7
30.b4 Kg6 31.b5 Ne5 32.Rxc8 Rxc8 33.Rxe7 Nc4 34.Bc1 Be5 35.Rxa7 Rf8 36.Ra4 Nd6
37.Nxd6 Bxd6 38.Re4 Kf5 39.f3 e5 40.h4 Ke6 41.hxg5 hxg5 42.Re3 Bc5 43.Rd3 Rg8
44.Be3 e4 45.Rc3 exf3 46.Bxc5 bxc5 47.Rxf3 Kd5 48.Kc2 Kc4 49.b6 Kb5 50.b7 Kb6
51.Rf7 Ka7 52.Rc7 Kb8 53.Rxc5 Kxb7 54.Kd3  1/2-1/2

[Event "SCG First League m"]
[Site "Vrnjacka Banja SCG"]
[Date "2005.10.27"]
[Round "11"]
[White "Todorovic,GM"]
[Black "Djuric,S"]
[Result "1/2-1/2"]
[WhiteElo "2491"]
[BlackElo "2460"]

1.e4 g6 2.d4 Bg7 3.Nc3 c6 4.Bc4 d6 5.Nf3 Nf6 6.e5 dxe5 7.Nxe5 O-O 8.O-O Nbd7
9.Bg5 Nb6 10.Bb3 a5 11.a4 Nbd5 12.Qf3 Nxc3 13.bxc3 Nd5 14.Bh4 Be6 15.Rad1 g5
16.Bg3 f6 17.Nd3 Qc8 18.Qe2 Bf7 19.Qd2 b5 20.Nc5 h5 21.h3 h4 22.Bh2 Qf5 23.Rfe1 Ra7
24.c4 bxa4 25.Nxa4 Nf4 26.Qe3 Rb7 27.Nc5 Ra7 28.Na4 Rb7 29.Ra1 e5 30.dxe5 fxe5
31.Nc5 Re7 32.Ne4 Bh5 33.c5+ Kh8 34.Nd6 Qf6  1/2-1/2

[Event "Autumn Open"]
[Site "St Petersburg RUS"]
[Date "2005.10.30"]
[Round "2"]
[White "Zacurdajev,D"]
[Black "Utkin,Alek"]
[Result "0-1"]
[WhiteElo "2249"]
[BlackElo "2389"]

1.e4 g6 2.d4 Bg7 3.Nc3 c6 4.Be3 d5 5.f3 dxe4 6.fxe4 Nf6 7.Nf3 O-O 8.Qd2 b5
9.e5 b4 10.exf6 bxc3 11.Qxc3 exf6 12.Bc4 Nd7 13.O-O Nb6 14.Rae1 Nxc4 15.Qxc4 Qd5
16.Qa4 Be6 17.b3 Qb5 18.Qa3 a5 19.Qc1 a4 20.Bh6 axb3 21.axb3 Ra2 22.Bxg7 Kxg7
23.Rf2 Qb4 24.Qf4 Qc3 25.Nd2 f5 26.h4 h5 27.Qe5+ Kg8 28.Nb1 Qb2 29.Qe3 Rd8
30.Nc3 Ra1 31.Rxa1 Qxa1+ 32.Kh2 Qa7 33.Ne2 Qe7 34.Qg3 Kh7 35.Qf4 Qb4 36.Rf3 Qe1
37.Re3 Qd2 38.c4 Ra8 39.Qe5 Ra5 40.c5 Ra2 41.Nf4 Qf2 42.Rg3 Ra1 43.Nh3 Qe1
44.Ng5+ Kg8 45.Qb8+ Kg7 46.Nxe6+ Qxe6 47.Qf4 Re1 48.Rd3 Re4 49.Qf2 Qe7 50.d5 Qe5+
51.Qg3 Rxh4+ 52.Kg1 Qa1+ 53.Kf2 Re4 54.Re3 f4  0-1

[Event "9th Bavarian Open"]
[Site "Bad Wiessee GER"]
[Date "2005.11.02"]
[Round "5"]
[White "Hammer,J"]
[Black "Kopylov,M"]
[Result "1-0"]
[WhiteElo "2278"]
[BlackElo "2445"]

1.e4 g6 2.d4 Bg7 3.Nc3 c6 4.Bc4 b5 5.Bb3 b4 6.Nce2 d6 7.a3 Nf6 8.Ng3 bxa3
9.Rxa3 Nbd7 10.Be3 Nb6 11.c4 O-O 12.Nf3 a5 13.h3 Ba6 14.Qc2 a4 15.Ba2 d5
16.Nd2 c5 17.dxc5 d4 18.Rd3 Nbd7 19.Bxd4 Qc7 20.O-O Nxc5 21.Ra3 Nfxe4 22.Bxg7 Nxd2
23.Qxd2 Kxg7 24.Re1 f6 25.f4 Rad8 26.Qe3 Rd7 27.f5 Rfd8 28.Bb1 Rd1 29.Kh2 Rxe1
30.Qxe1 Bb7 31.Re3 Rd7 32.Bc2 Kf7 33.Kh1 Qf4 34.Qe2 Qh4 35.Kg1 Qd4 36.fxg6+ hxg6
37.Bxg6+ Kf8 38.Kh2 Qh4 39.Nf5 Qf4+ 40.g3 Qc7 41.Qh5  1-0

[Event "9th Bavarian Open"]
[Site "Bad Wiessee GER"]
[Date "2005.11.03"]
[Round "6"]
[White "Senff,M"]
[Black "Botschek,M"]
[Result "1-0"]
[WhiteElo "2469"]
[BlackElo "2249"]

1.e4 g6 2.d4 Bg7 3.Nc3 c6 4.f4 d5 5.e5 h5 6.Nf3 Bg4 7.Be3 Nh6 8.h3 Bxf3 9.Qxf3 e6
10.Bd3 h4 11.O-O Nd7 12.Ne2 Nf5 13.Bf2 Bf8 14.b3 Ba3 15.c4 a5 16.Rab1 Bb4
17.c5 b6 18.cxb6 Qxb6 19.Kh2 c5 20.Bxf5 gxf5 21.Nc3 Qa6 22.Na4 cxd4 23.Bxd4 Rc8
24.Rfc1 Nf8 25.Qf1 Qb7 26.Rxc8+ Qxc8 27.Rc1 Qb7 28.Bb6  1-0

[Event "2nd Bundesliga Ost 2005-6"]
[Site "Austria AUT"]
[Date "2005.11.20"]
[Round "4"]
[White "Salamon,W"]
[Black "Wiedner,R"]
[Result "1/2-1/2"]
[WhiteElo "2170"]
[BlackElo "2181"]

1.e4 g6 2.d4 Bg7 3.Nc3 c6 4.Bc4 e6 5.e5 d5 6.exd6 Qxd6 7.Nf3 Ne7 8.O-O h6
9.Ne4 Qc7 10.c3 Nd7 11.Be3 Nf6 12.Nxf6+ Bxf6 13.Nd2 Bg7  1/2-1/2

[Event "18th Belgrade Trophy"]
[Site "Obrenovac SCG"]
[Date "2005.11.22"]
[Round "1"]
[White "Petrovic,ZoZ"]
[Black "Popchev,M"]
[Result "0-1"]
[WhiteElo "2136"]
[BlackElo "2457"]

1.e4 g6 2.d4 Bg7 3.Nc3 c6 4.Nf3 b5 5.a3 d6 6.Be2 a6 7.O-O Nd7 8.Be3 Bb7 9.Qd2 e5
10.Rad1 Ngf6 11.Bh6 O-O 12.Bxg7 Kxg7 13.Rfe1 Qe7 14.Bf1 Rfd8 15.d5 cxd5 16.Nxd5 Nxd5
17.exd5 Nb6 18.Qa5 Nxd5 19.c4 Nf4 20.cxb5 Nh3+  0-1

[Event "Baden Challenge"]
[Site "Pforzheim GER"]
[Date "2005.11.24"]
[Round "11"]
[White "Dinger,F"]
[Black "Ivanov,MM"]
[Result "1-0"]
[WhiteElo "2209"]
[BlackElo "2457"]

1.e4 g6 2.d4 Bg7 3.Nc3 c6 4.Bc4 d6 5.Qf3 e6 6.Nge2 Nd7 7.O-O Qe7 8.Bb3 Ngf6
9.Bg5 h6 10.Be3 e5 11.Rad1 O-O 12.Qg3 g5 13.f3 Nh5 14.Qe1 Ndf6 15.g4 Nf4
16.h4 b5 17.hxg5 hxg5 18.Ng3 a5 19.a3 Qb7 20.Nce2 Be6 21.dxe5 dxe5 22.Bc5 a4
23.Bxe6 fxe6 24.Bxf8 Qa7+ 25.Kh2 Rxf8 26.Qd2 Qf7 27.Nxf4 exf4 28.Ne2 Ne8
29.c3 Be5 30.Qd7 Nf6 31.Qxf7+ Kxf7 32.Nc1 Rc8 33.Nd3 Bb8 34.Nc5 Ke7 35.Kg2 Ba7
36.Nd3 c5 37.Rh1 Bb8 38.Rh6 Kf7 39.Rdh1 Rd8 40.Rd1 Kg7 41.Rhh1 Rc8 42.Nf2 Kg6
43.Rd2 Bc7 44.Nd3 Rb8 45.Rhd1 Kf7 46.Nc1 Ke8 47.Ne2 Be5 48.Rh1 Kf7 49.Kf1 Kg7
50.Ke1 Kf7 51.Kd1 Rg8 52.Kc2 Ke7 53.Nc1 Nd7 54.Nd3 Rg7 55.Rh8 Bd6 56.Rdh2 c4
57.Ne1 Ne5 58.Ra8 Kf6 59.Rh6+ Ng6 60.Rc8 Ke5 61.Kd1 Nh4 62.Ke2 Rd7 63.Rg8 Be7
64.Rb8 Bc5 65.Rxb5 Kd6 66.Ra5 Be3 67.Nc2  1-0

[Event "It"]
[Site "Tuzla BIH"]
[Date "2005.11.29"]
[Round "6"]
[White "Avdic,A"]
[Black "Nurkic,S"]
[Result "0-1"]
[WhiteElo "2280"]
[BlackElo "2426"]

1.e4 g6 2.d4 Bg7 3.Nc3 c6 4.Be3 Nf6 5.Qd2 d5 6.e5 Ng4 7.Bf4 f6 8.exf6 Nxf6
9.f3 O-O 10.O-O-O Nh5 11.Bh6 Bxh6 12.Qxh6 e5 13.dxe5 Nd7 14.Re1 Qc7 15.Qe3 Rf5
16.f4 Nxf4 17.Nf3 Ne6 18.Bd3 Rf8 19.h4 Qd8 20.Qh6 Ndc5 21.Bxg6 hxg6 22.h5 Qe7
23.hxg6 Qg7 24.Qe3 Rf4 25.Ne2 Re4 26.Qd2 Nf8 27.Ref1 Bg4 28.Ng3 Nxg6 29.Nxe4 Nxe4
30.Qd4 Rf8 31.Rfg1 Nf4 32.Qxa7 Ne2+ 33.Kb1 Nxg1 34.Rxg1 c5 35.Nh2 Be6 36.Nf3 Rxf3  0-1

[Event "It"]
[Site "Tuzla BIH"]
[Date "2005.11.29"]
[Round "6"]
[White "Majeric,Z"]
[Black "Sprecic,M"]
[Result "1-0"]
[WhiteElo "2345"]
[BlackElo "2306"]

1.e4 g6 2.d4 Bg7 3.Nc3 c6 4.Nf3 d6 5.h3 b5 6.Bd3 a6 7.O-O Nd7 8.Bg5 Qc7 9.a4 b4
10.Ne2 c5 11.c3 h6 12.Be3 c4 13.Bb1 a5 14.cxb4 axb4 15.Qd2 Qa5 16.Rc1 Ba6
17.Nf4 e6 18.b3 c3 19.Qd1 Ne7 20.Bd3 O-O 21.Bxa6 Rxa6 22.Ne1 Nf6 23.f3 d5
24.e5 Nd7 25.Nc2 Rb8 26.Nd3 Nc6 27.Qe1 Raa8 28.Qh4 g5 29.Qf2 Qd8 30.Rf1 Qe7
31.f4 f6 32.exf6 Nxf6 33.Qf3 Ne4 34.Ne5 Nxe5 35.fxe5 Rf8 36.Qe2 Rxf1+ 37.Qxf1 g4
38.hxg4 Qh4 39.Qf3 h5 40.Qh3 Qxh3 41.gxh3 Bf8 42.gxh5 Nd2 43.Bxd2 cxd2 44.Rd1 Rc8
45.Rxd2 Rc3 46.a5 Rxb3 47.a6 Rb1+ 48.Kg2 b3 49.a7 bxc2 50.Rxc2 Ra1 51.h6 Rxa7
52.Kf3 Ra3+ 53.Kg4 Ra1 54.Kg5 Ra3 55.Kf6 Ra6 56.Kg6 Ra1 57.h7+ Kh8 58.Kf7 Kxh7  1-0

[Event "TCh-HUN 2005-6"]
[Site "Hungary HUN"]
[Date "2005.12.04"]
[Round "5"]
[White "Horvath,Cs1"]
[Black "Mester,G"]
[Result "1-0"]
[WhiteElo "2565"]
[BlackElo "2420"]

1.e4 g6 2.d4 Bg7 3.Nc3 c6 4.h3 d6 5.Be3 Qb6 6.a3 c5 7.Nd5 Qa5+ 8.b4 cxb4
9.axb4 Qd8 10.c4 e6 11.Nc3 Ne7 12.Nf3 O-O 13.Qd2 d5 14.Bh6 b6 15.Bd3 Nbc6
16.Bxg7 Kxg7 17.Rb1 a5 18.bxa5 bxa5 19.O-O Nb4 20.Be2 Ba6 21.exd5 exd5 22.c5 Bxe2
23.Qxe2 Nec6 24.Ra1 Qf6 25.Qd2 Qf5 26.Ra4 Rfb8 27.Re1 Nd3 28.Nh4 Qf4 29.Qxd3 Qxh4
30.Nxd5 Rb2 31.g3 Qg5 32.Nb6 Qf6 33.Re2 Rxe2 34.Qxe2 Ra7 35.d5 Re7 36.Re4 Nd4
37.Qe3 Nc2 38.Qf4 Qa1+ 39.Kh2 Rxe4 40.Qxe4 Qc3 41.c6 Qc5 42.Qe5+ Kg8 43.Qb8+ Kg7
44.Kg2 Nb4 45.Qe5+ f6 46.Qc7+ Kh6 47.Qf4+ Kg7 48.Nd7 Qc3 49.Qxf6+  1-0

[Event "IX Mirko Srajber mem"]
[Site "Subotica SCG"]
[Date "2005.12.04"]
[Round "4"]
[White "Cornette,M"]
[Black "Sedlak,N"]
[Result "0-1"]
[WhiteElo "2418"]
[BlackElo "2512"]

1.e4 g6 2.d4 Bg7 3.Nc3 c6 4.Be3 d6 5.h3 Nf6 6.f4 Qb6 7.Qc1 Qa5 8.Bd3 e5 9.Nf3 Nbd7
10.O-O O-O 11.dxe5 dxe5 12.f5 Nh5 13.Kh2 Qc7 14.fxg6 hxg6 15.Ne2 Qd6 16.g4 Nhf6
17.Qe1 Nc5 18.Ng5 Nxd3 19.Qh4 Nf4 20.Nxf4 exf4 21.Bxf4 Qc5 22.Bg3 Bf5 23.exf5 gxf5
24.gxf5 Rad8 25.Rf2 Rd4 26.Bf4 Qxf5 27.Rg1 Nh5 28.Qxh5 Rxf4 29.Rfg2 Rf2 30.Rxf2 Qxf2+
31.Kh1 Qf5 32.Qf3 Qxf3+ 33.Nxf3 Re8 34.c3 Re3 35.Rf1 Re2 36.b4 Bxc3  0-1

[Event "13th Salona"]
[Site "Solin CRO"]
[Date "2005.12.12"]
[Round "5"]
[White "Kurajica,B"]
[Black "Cvorovic,D"]
[Result "1-0"]
[WhiteElo "2533"]
[BlackElo "2446"]

1.d4 g6 2.e4 Bg7 3.Nc3 c6 4.h3 d6 5.Be3 Nd7 6.Nf3 b5 7.Bd3 Bb7 8.O-O Qc7
9.a4 a6 10.Re1 e5 11.axb5 cxb5 12.dxe5 dxe5 13.Nd5 Qd8 14.c4 Bxd5 15.cxd5 Ne7
16.Qd2 O-O 17.Qb4 h6 18.Rec1 Kh7 19.Qd6 Nc8 20.Qc7 Ncb6 21.Qxd8 Rfxd8 22.Rc7 Kg8
23.Ra2 Rdb8 24.b3 Kf8 25.Rc1 Ke8 26.Rca1 Bf8 27.Rxa6 Rxa6 28.Rxa6 Nc8 29.Rc6 Kd8
30.Bd2 b4 31.Be3 Ne7 32.Ra6 Nc8 33.Be2 h5 34.Ra5 Nd6 35.Nd2 Be7 36.Ra2 Rc8
37.g4 hxg4 38.hxg4 Nf6 39.Ra7 Nd7 40.Ba6 Rc1+ 41.Kg2 Ra1 42.Nc4 Bf8 43.Nb6 Nf6
44.f3 Be7 45.Na4 Nd7 46.g5 Ra2+ 47.Kf1 Ra3 48.Ra8+ Kc7 49.Ke2 f6 50.gxf6 Bxf6
51.Nc5 Nxc5 52.Bxc5 Nb5 53.Rc8+ Kd7 54.Rc6 Nc3+ 55.Kd3 Be7 56.Bc8+ Kd8 57.Bb6+ Ke8
58.Be6 Kf8 59.d6 Bg5 60.Rc7 Nb5 61.Bc5  1-0

[Event "12th Open"]
[Site "Zadar CRO"]
[Date "2005.12.13"]
[Round "3"]
[White "Zelic,Ml"]
[Black "Biliskov,V"]
[Result "1/2-1/2"]
[WhiteElo "2249"]
[BlackElo "2316"]

1.e4 g6 2.d4 Bg7 3.Nc3 c6 4.Bc4 d6 5.Qf3 e6 6.Nge2 Nd7 7.O-O Ngf6 8.a4 O-O
9.Qg3 d5 10.Bd3 dxe4 11.Nxe4 Nxe4 12.Bxe4 e5 13.dxe5 Nxe5 14.Bf4 Re8 15.Nc3 Nc4
16.b3 Qa5 17.bxc4 Bxc3 18.Bc7 Qb4 19.Rab1 Qxc4 20.Bd3 Qc5 21.Bd6 Qd5 22.Rfd1 Be5
23.Bxe5 Qxe5 24.Qxe5 Rxe5 25.Bc4 Re8  1/2-1/2

[Event "1st ch-BIH"]
[Site "Brcko BIH"]
[Date "2005.12.16"]
[Round "1"]
[White "Stojanovic,Da"]
[Black "Nurkic,S"]
[Result "1-0"]
[WhiteElo "2459"]
[BlackElo "2426"]

1.e4 g6 2.d4 Bg7 3.Nc3 c6 4.f4 d5 5.e5 h5 6.Be3 Nh6 7.Qd2 Ng4 8.Nf3 Nxe3
9.Qxe3 e6 10.Bd3 Bf8 11.O-O Be7 12.g3 a6 13.Kg2 c5 14.dxc5 Qa5 15.Ne2 Bxc5
16.Ned4 Nc6 17.c3 Bd7 18.a3 Qb6 19.b4 Be7 20.h3 O-O-O 21.a4 Nxd4 22.Nxd4 Kb8
23.a5 Qa7 24.Rfb1 Rc8 25.Rb3 Ka8 26.b5 axb5 27.a6 bxa6 28.Qe2 Rxc3 29.Nxb5 Rxb3
30.Nxa7 Kxa7 31.Rxa6+ Kb7 32.Qa2 Rxd3 33.Ra7+ Kc6 34.Qa6+  1-0

[Event "1st ch-BIH"]
[Site "Brcko BIH"]
[Date "2005.12.17"]
[Round "3"]
[White "Savic,Miod1"]
[Black "Nurkic,S"]
[Result "1-0"]
[WhiteElo "2542"]
[BlackElo "2426"]

1.e4 g6 2.d4 Bg7 3.Nc3 c6 4.Nf3 Nf6 5.e5 Nd5 6.Nxd5 cxd5 7.Bf4 Qb6 8.Qc1 Nc6
9.c3 f6 10.exf6 Bxf6 11.Bg5 O-O 12.h4 d6 13.Qd2 Bf5 14.h5 Rae8 15.hxg6 e5
16.gxh7+ Kh8 17.Bxf6+ Rxf6 18.dxe5 dxe5 19.Be2 d4 20.cxd4 Nxd4 21.O-O Nxe2+
22.Qxe2 Bg4 23.Rfe1 Bxf3 24.gxf3 Qe6 25.Qe4 Qh3 26.Qg4 Qh6 27.Rxe5 Ref8 28.Rh5 Qf4
29.Qxf4 Rxf4 30.Rh3 Rxf3 31.Rxf3 Rxf3 32.Kg2 Rf6 33.Rh1 Rg6+ 34.Kf1 Rc6 35.Rh3 Rc2
36.Rb3 b6 37.Ra3 a5 38.Rb3 Rc6 39.Rc3 Rd6 40.Ke2 Kxh7 41.Rg3 Rd4 42.Rd3 Ra4
43.a3 Re4+ 44.Re3 Rc4 45.Re7+ Kg8 46.Kd3 Rc6 47.Rb7  1-0